000 00424 a2200169 4500
001 066895
003 OSt
005 20211021161218.0
008
082 _a512.7
_bK84E
100 1 _aKoshy, Thomas
245 1 _aElementary number theory with applications
_cby Thomas Koshy
260 _aBikaner
_bAcademic Press
_c2007
300 _a771p.
690 _aNumber theory
942 _2ddc
_cBK
999 _c889
_d889